000 01862nam a22002057a 4500
008 250703b |||||||| |||| 00| 0 eng d
020 _a9781523006861
040 _ctbs
041 _aeng
050 _aHM831
_b.K34 2025
100 _aKahane, Adam
_925649
_eauthor
245 _aEveryday habits for transforming systems
_b: the catalytic power of radical engagement
_c/ Adam Kahane.
260 _aOakland, CA :
_bBerrett-Koehler Publishers,
_c2025.
300 _axii, 184 pages :
_billustrations ;
_c22 cm.
505 _aIntroduction : transforming systems requires engaging radically — Acting responsibly — Relating in three dimensions — Looking for what's unseen — Working with cracks — Experimenting a way forward — Collaborating with unlike others — Persevering and resting — Conclusion : begin anywhere.
520 _aAdam Kahane's Everyday Habits of Systems Transformers offers a set of straightforward, high-leverage everyday personal practices that are explicitly linked to transforming larger social systems. More and more people are coming to understand that the way the world is designed isn't working for most, and they can neither ignore this reality nor change it just through acting on their own. Systemic transformation, rather than just individual leadership or personal growth practices, is necessary to create a better world. What practices enable leaders to transform systems? This book aims to inspire and instruct the reader on practical, day-to-day ways to work more effectively with others across deep political, economic, social, cultural, and sectoral differences to transform social systems. Incorporating real stories, it is suspenseful and human, full of trial and error, failure as well as success, in pursuit of a better world.
650 0 _aSocial change
_99235
650 0 _aSocial action
_925650
942 _2lcc
999 _c4818
_d4818